| 000 | 00454nam a2200157 4500 | ||
|---|---|---|---|
| 001 | 112947 | ||
| 003 | ES-MaACL | ||
| 005 | 20230906185716.0 | ||
| 007 | t| | ||
| 008 | 061121s1969 sp r ||||1| spa d | ||
| 245 | 0 | 0 |
_aNuevas historias de fantasmas / _ctraducción de Antonio Tomás Todoli. |
| 260 |
_aBarcelona : _bTaber, _c1969. |
||
| 300 |
_a282 p. ; _c21 cm. |
||
| 700 | 1 |
_aTomás Todolí, Antonio. _9110530 |
|
| 852 |
_aES-MaACL _jC-49987 _bR.69057 |
||
| 999 |
_c112947 _d112947 |
||